| 000 | 00344nam a2200133Ia 4500 | ||
|---|---|---|---|
| 008 | 191201s1999 xx 000 0 und d | ||
| 082 |
_a657 _bBHM |
||
| 100 | _aBHATTACHARYYA, S | ||
| 245 | 0 | _aManagement Accounting In Corporating Accounting Theory | |
| 260 |
_aN.Delhi _bSultan Chand _c1999 |
||
| 300 | _a718` | ||
| 650 | _aMBA | ||
| 942 |
_2ddc _cBK |
||
| 999 |
_c2646 _d2646 |
||